Регионална библиотека "Любен Каравелов" - Русе

Няма втори шанс (Запис номер 77667)

MARC детайли
000 -Лидер
Контролно поле с фиксирана дължина 01306nam a2200337 c 4500
003 - Код на организацията, давaща контролен номер
Контролно поле BLK
005 - Дата и час на последна редакция
Контролно поле 20231102111601.0
008 - Елементи от данни с фиксирана дължина
fixed length control field 180408b bul|||||r ||||||| ||bul||
010 ## - Наследен системен номер
LC control number KNG00082126000
020 ## - Международен стандартен номер на книга ISBN
Международен стандартен номер на книга ISBN 978-954-529-568-3
-- издат.: Колибри
040 ## - Източник на каталожния запис
Идентификатор на билиотеката - собственик на записа BLK
041 ## - Код за език
Код за езика на текст/звукозапис или на отделно заглавие Български
Код за езика КДБФ Български
080 ## - УДК
Текстов определител УДК Американска литература (на САЩ)
УДК код - определител по УДК 821.111(73)
УДК определител -312.4
УДК - код + определител 821.111(73)-312.4
100 1# - Редна дума - Автор
Автор Коубън, Харлан
Авторска отговорност първи автор
R(LIN) 83442
139 ## - Редно поле
Редна дума Кобен, Харлан
Авторски знак Коб - К 70
245 10 - Сведения за заглавието
Заглавие Няма втори шанс
Подзаглавни данни Роман
Редно поле (дума) * Харлан Кобен; Харлан Коубън; прев. от англ. Валерия Панайотова.
257 ## - Страна на издаване
Страна на създаване/издаване Съединени американски щати
260 ## - Област на издателските данни
-- София
Име на издателя, разпространителя и проч. Колибри
Година на издаване 2008
Печатница София : Симолини
300 ## - Физическа характеристика
Страници 404 с.
Размери/Мащаб 20 см
380 ## - Жанр
Жанр Худож. лит.
490 1# - СЕРИИ (Колекции)
Име на серия Съвременни трилъри
500 ## - Общи забележки
Забележка Ориг. загл. No Second Chance / Harlan Coben
700 1# - Други автори (авторска отговорност)
Лично име Кобен, Харлан
Автороска отговорност (Описва отношението между автора и произведението) *
9 (RLIN) 79932
700 ## - Други автори (авторска отговорност)
Лично име Панайотова, Валерия Петрова
Дати, свързани с автора 1948-
9 (RLIN) 369819
852 ## - Местоположение
Форматна сигнатура Цб 238828
856 4# - Електронен адрес и достъп
Електронен формат pdf - файл
Път до файла /url/
856 4# - Електронен адрес и достъп
Електронен формат pdf - файл
Път до файла /url/
942 ## - АРТИКУЛИ
Вид на библиотечния материал Книги
Скрит в OPAC Не
944 ## - СЪЗДАВАНЕ И РЕДАКЦИЯ на ЗАПИСА
Създаване/Редакция Създаване
Дата на регистрацията/редакция 11.03.2008
Служител, извършил регистрацията/редакцията 30529
Статус, дата на статуса Диана Гривева
944 ## - СЪЗДАВАНЕ И РЕДАКЦИЯ на ЗАПИСА
Създаване/Редакция Редакция
Дата на регистрацията/редакция 25.02.2010
Служител, извършил регистрацията/редакцията
999 ## - СИСТЕМНИ КОНТРОЛНИ НОМЕРА
Koha biblionumber 77667
Koha biblioitemnumber 77667
Наличности
Код за отписване Код за изгубен артикул Източник на класификационната схема Код за повреда Коз за рестрикции Код за отдаване Артикулен № Име на библиотеката - собственик Име на библиотеката, в която се намира в момента Статус (Текущо местоположение) Дата на вписване в системата Местоположение - отдел Цена в лева Инвентарен номер Систематично азбучна сигнатура Баркод Номер на екземпляра Цена в евро Служебна бележка Служебен тип на артикула
Изтеглен Не е изгубен Universal Decimal Classification Не е повреден без рестрикции заемане за дома 125916 Регионална библиотека "Любен Каравелов" Русе Регионална библиотека "Любен Каравелов" Русе Заемна - подръчен фонд 2008-03-11 Заемна - подръчен фонд 15.00 120000724287 П 820(73)-31/К 87 120000724287 1 7.67 Дост: Pk Вид: Ф N: 171 Дата: 11.03.2008 Книги
  Не е изгубен   Не е повреден без рестрикции ползва се в читалня 125917 Регионална библиотека "Любен Каравелов" Русе Регионална библиотека "Любен Каравелов" Русе Хранилище 2010-01-15 Хранилище 15.00 120000740631 Цб 238828 120000740631 2 7.67 Дост: Dp Вид: Д N: 25 Дата: 10.06.2009 Книги
Vip Innovations Ltd, Rousse, Bulgaria 2025